Teoretické východiská oceňovania v účtovníctve so zameraním na účtovné zásady

Oceňovanie ako významný metodický prostriedok pri aplikácii účtovných metód. Teoretické východiská oceňovania. Účtovné zásady aplikované pri oceňovaní v národnej úprave účtovníctva SR a analýza účtovných zásad v novej smernici Európskeho parlamentu a Rady.

Na minha lista:
Detalhes bibliográficos
Autor principal: Bednárová, Beáta
Formato: Capítulo de Livro
Idioma:eslovaco
Assuntos:
Tags: Adicionar Tag
Sem tags, seja o primeiro a adicionar uma tag!

MARC

LEADER 00000nla a2200000 4500
001 0180604
005 20240502073100.7
041 0 |a slo 
044 |a SK 
245 1 0 |a Teoretické východiská oceňovania v účtovníctve so zameraním na účtovné zásady  |c Beáta Bednárová 
520 |a Oceňovanie ako významný metodický prostriedok pri aplikácii účtovných metód. Teoretické východiská oceňovania. Účtovné zásady aplikované pri oceňovaní v národnej úprave účtovníctva SR a analýza účtovných zásad v novej smernici Európskeho parlamentu a Rady. 
610 2 0 |a účtovníctvo 
610 2 0 |a oceňovanie 
610 2 0 |a metódy účtovné 
610 2 0 |a jednotka účtovná 
100 1 |a Bednárová, Beáta